[Event "POL-chT2 South U19"]
[Site "Rudnik"]
[Date "2000.??.??"]
[Round "1.2"]
[White "Fraczek, Daniel"]
[Black "Marszalek, Jan"]
[Result "1/2-1/2"]
[WhiteElo "1800"]
[BlackElo "1800"]
[PlyCount "60"]
[EventDate "2000.07.20"]
[EventType "team-swiss"]
[EventRounds "10"]
[EventCountry "POL"]
[SourceTitle "EXT 2005"]
[Source "ChessBase"]
[SourceDate "2004.11.15"]
[SourceVersion "1"]
[SourceVersionDate "2004.11.15"]
[SourceQuality "1"]
[WhiteTeam "Jaslo MDK U19"]
[BlackTeam "Krakow Korona U19"]
[WhiteTeamCountry "POL"]
[BlackTeamCountry "POL"]

1. d4 Nf6 2. c4 g6 3. Nc3 Bg7 4. e4 d6 5. Nf3 0-0 6. Be2 Nbd7 7. 0-0 e5 8. d5 Nh5 9. g3 a5 10. Ne1 Nc5 11. Bxh5 gxh5 12. Qxh5 f5 13. Bg5 Qd7 14. Qe2 Qf7 15. f3 f4 16. g4 h5 17. h3 Qg6 18. Bh4 hxg4 19. hxg4 Kf7 20. Rf2 Bd7 21. Nd3 Nxd3 22. Qxd3 Rh8 23. Rh2 Bxg4 24. Kf2 Bf6 25. Rah1 Bh3 26. Rxh3 Rxh4 27. Qf1 Rg8 28. Ne2 Rxh3 29. Qxh3 Ke7 30. Qh7+ Kd8 1/2-1/2

[Event "POL-chT2 South U19"]
[Site "Rudnik"]
[Date "2000.??.??"]
[Round "10.2"]
[White "Marszalek, Jan"]
[Black "Piekos, Maciej"]
[Result "1-0"]
[WhiteElo "1800"]
[BlackElo "1800"]
[PlyCount "49"]
[EventDate "2000.07.20"]
[EventType "team-swiss"]
[EventRounds "10"]
[EventCountry "POL"]
[SourceTitle "EXT 2005"]
[Source "ChessBase"]
[SourceDate "2004.11.15"]
[SourceVersion "1"]
[SourceVersionDate "2004.11.15"]
[SourceQuality "1"]
[WhiteTeam "Krakow Korona U19"]
[BlackTeam "POL-chT2 South U19 3"]
[WhiteTeamCountry "POL"]
[BlackTeamCountry "POL"]

1. e4 e6 2. d3 d5 3. Nd2 Nc6 4. Ngf3 Bc5 5. g3 Nge7 6. Bg2 0-0 7. e5 Ng6 8. Nb3 Bb6 9. Qe2 Nce7 10. h4 Nh8 11. h5 c5 12. h6 g6 13. Bg5 Qd7 14. Bf6 Nc6 15. Qd2 c4 16. Nc1 Bd8 17. Qf4 Nb4 18. 0-0 Nxc2 19. Rb1 cxd3 20. Nxd3 b6 21. Rfc1 Ba6 22. Bf1 Rc8 23. Bxd8 Qxd8 24. Qd2 g5 25. Rxc2 1-0

[Event "POL-chT2 South U19"]
[Site "Rudnik"]
[Date "2000.??.??"]
[Round "9.1"]
[White "Moldawski, Tomasz"]
[Black "Marszalek, Jan"]
[Result "1/2-1/2"]
[WhiteElo "2013"]
[BlackElo "1800"]
[PlyCount "51"]
[EventDate "2000.07.20"]
[EventType "team-swiss"]
[EventRounds "10"]
[EventCountry "POL"]
[SourceTitle "EXT 2005"]
[Source "ChessBase"]
[SourceDate "2004.11.15"]
[SourceVersion "1"]
[SourceVersionDate "2004.11.15"]
[SourceQuality "1"]
[WhiteTeam "Olkusz Czarny Kon U19"]
[BlackTeam "Krakow Korona U19"]
[WhiteTeamCountry "POL"]
[BlackTeamCountry "POL"]

1. d4 Nf6 2. c4 g6 3. Nc3 Bg7 4. e4 d6 5. Be2 Nbd7 6. Nf3 e5 7. 0-0 0-0 8. dxe5 dxe5 9. b3 Re8 10. Qc2 c6 11. Rd1 Bf8 12. Ne1 Qc7 13. Nd3 Nc5 14. Nxc5 Bxc5 15. Na4 Bd4 16. Bb2 c5 17. Nc3 Qc6 18. Bf3 Nd7 19. Bg4 Nf8 20. Bxc8 Raxc8 21. Nd5 Kg7 22. Rab1 Ne6 23. Bc1 h6 24. Qd3 Nf4 25. Qf3 g5 26. Be3 1/2-1/2